Most Known Star Wars Characters A-Z - Statistics

General Stats
  • This quiz has been taken 79 times
  • The average score is 11 of 26
Answer Stats
Hint Answer % Correct
A Anakin Skywalker
88%
L Luke Skywalker
83%
H Han Solo
81%
O Obi-Wan Kenobi
80%
B Boba Fett
73%
D Darth Vader
73%
C Chewbacca
71%
Y Yoda
68%
J Jabba The Hutt
59%
R R2-D2
59%
F Finn
54%
Q Qui-Gon Jinn
53%
K Kylo Ren
42%
P Princess Leia Organa
39%
M Mandalorian (Din Djarin)
24%
E Ezra Bridger
20%
W Wicket
20%
G Grogu
17%
I IG-88
12%
N Nute Gunray
12%
S Sabine Wren
12%
Z Zeb Orrelios
7%
U Unkar Plutt
5%
V Valorum
5%
T Tech
3%
X Xi'an
3%
No matching quizzes found
Score Distribution
Percent of People with Each Score
Percentile by Number Answered
Your Score History
You have not taken this quiz